000 00300nam a22001337a 4500
008 170310b xxu||||| |||| 00| 0 eng d
020 _a9780323011273
041 _aeng
080 _28 ED
_a611
100 _a6
101 _aSHM
245 _aCARDIOVASCULAR PHYSIOLOGOY
_cBERNE.R.M
942 _2udc
_cBK
999 _c7403
_d7403